000 nam a22 7a 4500
999 _c10138
_d10138
008 180212b ||||| |||| 00| 0 eng d
100 _aLady Irwin College
_91626
245 _aA Text Book Of Home Science
260 _aNew Delhi
_bArya
_c2008